00724 2200217 4500001002100000005001500021035002000036007000300056008004100059082001600100084002200116245013400138260003500272300001900307650001500326650001100341250001100352110006600363520006300429990001400492INLIS00000000000592620260513025233 a0010-0526000006ta260513 g | dut  a636.09.0824 a636.09.0824 MAA v1 aVeeartsenijkunde en veeteelt uitgegeven door de :bMaatsehappij ter bevordering der veertsenijkunde in nederland /cD.F Van Esvel autrecht :bJ .L Beijers,c1893 a328 hlme+ PDF 4aVETERINARY 4aANIMAL aCet 202 aMaatsehappij ter bevordering der veertsenijkunde in nederland aKoleksi antiquariat Indonesiana.-- Tersedia konten digital a0521/2025